Rady pre domácnosť /

Hlavní autor: Pinková, Alice, 1926-2001
Další autoři: Braunová, Eva, 1946-, Krippel, Mikuláš
Jazyk: Slovenština
Vydáno: Bratislava : Príroda, 1989
Vydání: 1. vyd.
Fyzický popis: 283 s. : obr. ; 8°
Knihy
Uloženo v:
LEADER 00896nam a22002532a 4500
001 001809712
003 CZ BrMZK
005 20211220125818.0
007 ta
008 211220s1989 xo a er|||||||||||slo d
020 |a 80-07-00003-8  |q (brož.) :  |c 22 Kčs 
040 |a ABA001  |b cze  |c ABA001  |d ABA001 
100 1 |a Pinková, Alice,  |d 1926-2001  |7 jx20040212023  |4 aut 
245 1 0 |a Rady pre domácnosť /  |c Alice Pinková a kol. ; z češtiny prel. Mikuláš Krippel a Eva Braunová 
250 |a 1. vyd. 
260 |a Bratislava :  |b Príroda,  |c 1989 
300 |a 283 s. :  |b obr. ;  |c 8° 
700 1 |a Braunová, Eva,  |d 1946-  |7 xx0142606  |4 trl 
700 1 |a Krippel, Mikuláš  |7 jx20040720131  |4 trl 
765 0 |t Rady pro domácnost  |9 Slovensky 
910 |a BOA001  |b 2-1474.904 
990 |a BK 
991 |b 202111 
996 7 |b 2610888275  |c 2-1474.904  |l MZK  |r Sklad / do 1 hodiny  |n 0  |p dar  |w 001873574  |u 000010  |a 1  |e BOA001  |j MZK50  |s A